| 000 | 00622nam a2200217Ia 4500 | ||
|---|---|---|---|
| 003 | IN-BaIIA | ||
| 008 | 211028s9999 xx 000 0 eng d | ||
| 040 | _cIIA Library | ||
| 080 |
_a537.531 _bCOM |
||
| 100 |
_aCompton, Arthur H _92424 |
||
| 245 | 0 |
_aX-rays in theory and experiment _cArthur Holly Compton and Samuel King Allison |
|
| 250 | _a2nd ed. | ||
| 260 |
_aToronto _bD. Van Nostrand _c1949 |
||
| 300 | _axiv, 828p. | ||
| 650 |
_aExtraterrestrial Radiation _91885 |
||
| 650 | _aNASA Thesaurus | ||
| 650 |
_aXray _92425 |
||
| 650 |
_aXray Diffraction _91870 |
||
| 700 |
_aAllison, Samuel K. _92426 |
||
| 942 | _cBK | ||
| 999 |
_c1156 _d1156 |
||